[Event "Chessable Masters Prelim"]
[Site "chess24.com INT"]
[Date "2021.07.31"]
[Round "5.2"]
[White "Le, Quang Liem"]
[Black "Nakamura,Hi"]
[Result "1/2-1/2"]
[WhiteElo "2709"]
[BlackElo "2736"]

1.d4 Nf6 2.c4 e6 3.Nf3 d5 4.Nc3 Be7 5.Bf4 O-O 6.e3 Nbd7 7.a3 dxc4 8.Bxc4 c5
9.O-O cxd4 10.Qxd4 Nb6 11.Bb3 Qxd4 12.Nxd4 Bd7 13.e4 Rfc8 14.e5 Nfd5 15.Nxd5 Nxd5
16.Bxd5 exd5 17.Rad1 Bc5 18.Be3 Bxd4 19.Bxd4 a6 20.Bc3 Be6 21.h3 h5 22.Rd4 Rc5
23.g4 hxg4 24.hxg4 Rc4 25.f3 Rxd4 26.Bxd4 Rc8 27.Bc3 d4 28.Bxd4 Rc2 29.Rf2 Rxf2
30.Kxf2 Kf8 31.Kg3 g6 32.Kh4 Bd5 33.f4 Ke8 34.Kg5 Bf3 35.f5 gxf5 36.gxf5 Be4
37.Kf6 Bc2 38.e6 fxe6 39.Kxe6 Bb3+ 40.Kd6 Bd1 41.f6 Kf7 42.Kc7 Bf3 43.a4 Bc6
44.a5 Bb5 45.Kxb7 Bf1 46.Kb6 Bb5 47.b4 Bf1 48.Be5 Bb5 49.Bd4 Bf1 50.Bc3 Bb5
51.Bb2 Bf1 52.Ba1 Bb5 53.Bb2 Ke6 54.Bc3 Kf7 55.Bd4 Ke6 56.Be5 Kf7  1/2-1/2

[Event "Chessable Masters Prelim"]
[Site "chess24.com INT"]
[Date "2021.08.01"]
[Round "6.7"]
[White "Nakamura,Hi"]
[Black "Mamedyarov,S"]
[Result "1/2-1/2"]
[WhiteElo "2736"]
[BlackElo "2782"]

1.d4 Nf6 2.Nf3 g6 3.Bf4 Bg7 4.e3 O-O 5.h3 d5 6.Bd3 c5 7.c3 Nc6 8.Nbd2 Nd7
9.O-O e5 10.dxe5 Ndxe5 11.Be2 Nxf3+ 12.Nxf3 d4 13.exd4 cxd4 14.Nxd4 Nxd4
15.cxd4 Qxd4 16.Qxd4 Bxd4 17.Bf3 Bxb2 18.Rab1 Bd4 19.Bxb7 Bxb7 20.Rxb7 Rac8
21.Bh6 Rfd8 22.Be3 a6 23.Rb3 Bxe3 24.Rxe3 Rc2 25.Ra3 Rd6 26.h4 h5 27.g3 Kf8
28.Kg2 Rf6 29.Kg1 Ke7 30.Kg2 Kd7 31.Kg1 Kc7 32.Kg2 Rb2 33.Kh3 Kb6 34.f3 Rd6
35.g4 Rdd2 36.Rc1 Rxa2 37.Rb3+ Ka5 38.Rc5+ Ka4 39.Rb6 hxg4+ 40.Kxg4 Rd4+
41.Kg3 Rd7 42.Rxa6+ Kb4 43.Rac6 Ra6 44.Rc4+ Kb5 45.R4c5+ Kb4 46.Rc8 Ra8 47.Rc4+ Kb5
48.R8c5+ Kb6 49.Rc6+ Kb7 50.Rf6 Ra6 51.Rb4+ Ka7 52.Rxa6+ Kxa6 53.Kg4 Ka5
54.Rb8 Rd4+ 55.f4 Rd1 56.Rh8 Rg1+ 57.Kf3 Kb6 58.Rf8 f5 59.h5 gxh5 60.Rxf5 Kc6
61.Rxh5 Kd7 62.Re5 Kd6 63.Re8 Kd7 64.Re4 Rg7 65.Re2 Re7 66.Ra2 Ke6 67.Ra6+ Kf5
68.Ra5+ Kf6 69.Kg4 Rg7+ 70.Rg5 Rxg5+ 71.fxg5+ Kg6 72.Kf4 Kg7 73.Kf5 Kf7 74.g6+ Kg7
75.Kg5 Kg8 76.Kh6 Kh8 77.g7+ Kg8 78.Kg6  1/2-1/2

[Event "Chessable Masters Prelim"]
[Site "chess24.com INT"]
[Date "2021.08.01"]
[Round "7.3"]
[White "Adhiban,Baskaran"]
[Black "Nakamura,Hi"]
[Result "0-1"]
[WhiteElo "2660"]
[BlackElo "2736"]

1.e4 e5 2.Nf3 Nc6 3.Bc4 Bc5 4.d3 Nf6 5.Bg5 h6 6.Bh4 Be7 7.Bg3 d6 8.a4 O-O
9.h3 Re8 10.O-O Bf8 11.c3 Be6 12.Nbd2 Qd7 13.Re1 Rad8 14.b4 Bxc4 15.Nxc4 Qe6
16.b5 Ne7 17.Ne3 Ng6 18.Nh4 Nd7 19.Nhf5 c6 20.Qf3 Nc5 21.bxc6 bxc6 22.d4 exd4
23.Nxd4 Qxe4 24.Qxe4 Rxe4 25.Nxc6 Rde8 26.Nxa7 f5 27.Nc2 Rxe1+ 28.Rxe1 Ra8
29.Nb5 f4 30.Bh2 Rxa4 31.Ncd4 Nd3 32.Rf1 Nge5 33.g3 g5 34.gxf4 gxf4 35.Ne6 Kf7
36.Nxf8 Kxf8 37.Nxd6 Kg7 38.Kg2 Ra2 39.c4 Rc2 40.Nf5+ Kg6 41.Nd4 Rxc4 42.Nf3 Kf5
43.Nxe5 Nxe5 44.Ra1 h5 45.Rd1 h4 46.Kf1 Nf3 47.Kg2 Nd4 48.Rd3 Ke4 49.Rd1 Nf3
50.Ra1 Ng5 51.Re1+ Kf5 52.Bg1 Rc3 53.Ra1 Nxh3 54.f3 Ng5 55.Ra5+ Kg6 56.Ra6+ Kh5
57.Ra5 h3+ 58.Kh1 Rxf3 59.Bb6 Kg4  0-1

[Event "Chessable Masters Prelim"]
[Site "chess24.com INT"]
[Date "2021.08.01"]
[Round "8.6"]
[White "Nakamura,Hi"]
[Black "Van Foreest,Jorden"]
[Result "1/2-1/2"]
[WhiteElo "2736"]
[BlackElo "2688"]

1.d4 Nf6 2.c4 e6 3.Nc3 Bb4 4.Qc2 O-O 5.a3 Bxc3+ 6.Qxc3 d5 7.e3 b6 8.cxd5 exd5
9.Bd3 Ba6 10.Bxa6 Nxa6 11.Qd3 Qc8 12.Ne2 c5 13.b3 cxd4 14.exd4 Nc7 15.O-O Re8
16.f3 Ne6 17.Bd2 Qd7 18.Rfe1 Rac8 19.a4 g6 20.Nc3 h5 21.Re5 Kg7 22.Rae1 Qd6
23.Nb5 Qd7 24.h4 a6 25.Nc3 Qd6 26.Bg5 Nd7 27.R5e2 Nxg5 28.Rxe8 Nh3+ 29.Kf1 Qh2
30.gxh3 Qh1+ 31.Kf2 Qh2+ 32.Kf1 Qh1+ 33.Kf2 Qh2+ 34.Kf1  1/2-1/2

[Event "Chessable Masters Prelim"]
[Site "chess24.com INT"]
[Date "2021.08.01"]
[Round "9.4"]
[White "Firouzja,Alireza"]
[Black "Nakamura,Hi"]
[Result "1/2-1/2"]
[WhiteElo "2759"]
[BlackElo "2736"]

1.e4 e5 2.Nf3 Nc6 3.Bb5 Nf6 4.O-O Nxe4 5.Re1 Nd6 6.Nxe5 Be7 7.Bf1 Nf5 8.Nf3 O-O
9.d4 d5 10.c3 Re8 11.a4 Bd6 12.Rxe8+ Qxe8 13.a5 Nce7 14.Nbd2 c6 15.Nb3 f6
16.Bd2 Qf7 17.Ne1 g6 18.Nd3 Ng7 19.Bf4 Bxf4 20.Nxf4 Nef5 21.Nc5 Nd6 22.Qb3 Bf5
23.Re1 Re8 24.Rxe8+ Ngxe8 25.Qb4 Qe7 26.b3 g5 27.Nfd3 Bg6 28.c4 dxc4 29.bxc4 Bf7
30.Nb2 Nf5 31.Qxb7 Qxb7 32.Nxb7 Nxd4 33.f3  1/2-1/2

[Event "Chessable Masters Prelim"]
[Site "chess24.com INT"]
[Date "2021.08.02"]
[Round "13.6"]
[White "Iturrizaga Bonelli,Eduardo"]
[Black "Nakamura,Hi"]
[Result "0-1"]
[WhiteElo "2607"]
[BlackElo "2736"]

1.c4 e5 2.g3 Nf6 3.Bg2 d5 4.cxd5 Nxd5 5.Nf3 Nc6 6.O-O Nb6 7.b3 Be6 8.Bb2 f6
9.Nc3 Qd7 10.Qc1 Bb4 11.Rd1 O-O-O 12.Ne4 Bd5 13.d3 h5 14.h4 Kb8 15.Qc2 Rhe8
16.Rac1 Qe7 17.Nc5 Nd4 18.Nxd4 exd4 19.Ne4 f5 20.Ng5 Bxg2 21.Kxg2 f4 22.Ne4 Qd7
23.a3 Be7 24.Qd2 Rf8 25.Rh1 Qg4 26.Rcf1 c5 27.Bc1 Nd5 28.Qc2 Rf5 29.Bd2 Qxe2  0-1

[Event "Chessable Masters Prelim"]
[Site "chess24.com INT"]
[Date "2021.08.02"]
[Round "14.3"]
[White "Nakamura,Hi"]
[Black "Ju,Wenjun"]
[Result "1-0"]
[WhiteElo "2736"]
[BlackElo "2560"]

1.Nf3 d5 2.e3 Nf6 3.b3 g6 4.Bb2 Bg7 5.d4 O-O 6.c4 c5 7.dxc5 Qa5+ 8.Nbd2 dxc4
9.Bxc4 Qxc5 10.Rc1 Qd6 11.O-O Nc6 12.Qe2 a6 13.Rfd1 Qc7 14.b4 Nd7 15.Bxg7 Kxg7
16.Bd5 Nb6 17.Bxc6 bxc6 18.Nb3 e5 19.Na5 Bd7 20.Nd2 Nd5 21.a3 Rfc8 22.Ndb3 Qb6
23.Qb2 Qb8 24.Rc5 f6 25.Rdc1 Qd6 26.Qd2 Qe6 27.R5c2 Be8 28.Nc5 Qe7 29.Qe2 Qa7
30.g3 h5 31.Rd1 Qe7 32.Nxa6 e4 33.Nc5 h4 34.Qc4 f5 35.Na4 g5 36.Qd4+ Kh7
37.Nb6 Nxb6 38.Qxb6 Bh5 39.Rd4 c5 40.Rdd2 cxb4 41.axb4 Rab8 42.Qa6 Rxc2 43.Rxc2 Rxb4
44.Rc1 Rb2 45.Qc8 Rb5 46.Nc6 Qb7 47.Qxb7+ Rxb7 48.Nd4 Bg4 49.Ne6 Kh6 50.gxh4 gxh4
51.Rc6 Kh7 52.Rc1 Kh6 53.Nf4 h3 54.Kf1 Rb2 55.Ke1 Ra2 56.Kf1 Kg7 57.Ke1 Kf6
58.Rb1 Ke7 59.Rc1 Kd6 60.Kf1 Ke7 61.Rb1 Kd6 62.Ke1 Ke7 63.Nd5+ Kd6 64.Nc3 Rc2
65.Nb5+ Ke5 66.Nd4 Ra2 67.Rc1 Rb2 68.Nc2 f4 69.Kd2 Be6 70.Ke1 Bb3 71.Nd4 fxe3
72.fxe3 Bd5 73.Rc2 Rb1+ 74.Kf2 Rh1 75.Kg3 Re1 76.Re2 Rg1+ 77.Kxh3 Bc4 78.Rc2 Bd3
79.Rc5+ Kf6 80.Rc6+ Ke5 81.Rc5+ Kf6 82.Kh4 Re1 83.Nf5 Rf1 84.Nh6 Be2 85.h3 Rf3
86.Ng4+ Kg7 87.Rc7+ Kf8 88.Rc2 Bd1 89.Rf2 Kg7 90.Rxf3 Bxf3 91.Kg5  1-0

[Event "Chessable Masters Prelim"]
[Site "chess24.com INT"]
[Date "2021.08.02"]
[Round "15.7"]
[White "Artemiev,V"]
[Black "Nakamura,Hi"]
[Result "1/2-1/2"]
[WhiteElo "2704"]
[BlackElo "2736"]

1.d4 Nf6 2.c4 e6 3.Nc3 Bb4 4.e3 O-O 5.Bd2 c5 6.a3 Bxc3 7.Bxc3 Ne4 8.Ne2 d6
9.Qd3 Nxc3 10.Nxc3 cxd4 11.Qxd4 Nc6 12.Qd2 Qe7 13.Be2 b6 14.O-O Bb7 15.Rfd1 Rfd8
16.b3 Rac8 17.Bf3 d5 18.cxd5 Ne5 19.Be4 Qh4 20.f4 Ng4 21.h3 Nf6 22.Bf3 Nxd5
23.Nxd5 Bxd5 24.Bxd5 Rxd5 25.Rac1 Rcd8 26.Qe2 Rxd1+ 27.Rxd1 h6 28.Rxd8+ Qxd8
29.Qc2 a5 30.a4 h5 31.Kf2 g6 32.Qc3 Qd5 33.Qc8+ Kg7 34.Qc3+ Kg8 35.Qc8+ Kg7
36.Qc3+ Kg8  1/2-1/2

[Event "Chessable Masters KO"]
[Site "chess24.com INT"]
[Date "2021.08.03"]
[Round "1.12"]
[White "Artemiev,V"]
[Black "Nakamura,Hi"]
[Result "1/2-1/2"]
[WhiteElo "2704"]
[BlackElo "2736"]

1.d4 Nf6 2.c4 e6 3.Nf3 d5 4.Nc3 Be7 5.Bg5 h6 6.Bh4 O-O 7.Qc2 c5 8.dxc5 dxc4
9.e3 Na6 10.Bxc4 Nxc5 11.O-O a6 12.Rfd1 Qe8 13.b4 Ncd7 14.b5 Nc5 15.Rab1 b6
16.Ne5 Bb7 17.bxa6 Bxa6 18.Rxb6 Bxc4 19.Nxc4 Na4 20.Nxa4 Qxa4 21.Rb2 g5 22.Bg3 Nd5
23.Qxa4 Rxa4 24.Nb6 Nxb6 25.Rxb6 Rxa2 26.h3 Bf6 27.Rd7 Raa8 28.Rbb7 Rad8
29.Rxd8 Rxd8 30.Rb8 Rxb8 31.Bxb8 Kg7 32.g4 Kg6 33.Kg2 Bg7 34.Bc7 h5 35.Bb8 f5
36.f3 Bc3 37.Bc7 Bb4 38.Kf2 hxg4 39.hxg4 Ba3 40.Ke2 Bc5 41.Kd3 Ba3 42.e4 fxg4
43.fxg4 Bc1  1/2-1/2

[Event "Chessable Masters KO"]
[Site "chess24.com INT"]
[Date "2021.08.03"]
[Round "1.11"]
[White "Nakamura,Hi"]
[Black "Artemiev,V"]
[Result "1/2-1/2"]
[WhiteElo "2736"]
[BlackElo "2704"]

1.e4 e5 2.Nf3 Nc6 3.Bb5 a6 4.Ba4 Nf6 5.O-O Be7 6.Re1 b5 7.Bb3 d6 8.c3 O-O
9.h3 Re8 10.Ng5 Rf8 11.Nf3 Re8 12.d4 Bb7 13.Nbd2 Bf8 14.a3 h6 15.Bc2 Nb8
16.b4 Nbd7 17.Bb2 Nb6 18.dxe5 dxe5 19.c4 Nxc4 20.Nxc4 bxc4 21.Qe2 Bd6 22.Qxc4 Qe7
23.Nh4 Bc8 24.Ba4 Be6 25.Qc3 Red8 26.Nf3 Bd7 27.Bb3 Re8 28.Nh4 Kh7 29.Rad1 Be6
30.Ba4 Red8 31.Nf3 c5 32.bxc5 Bxc5 33.Nxe5 Rxd1 34.Bxd1 Rc8 35.Qf3 Qd8 36.Be2 Qb6
37.Nd3 Bd4 38.e5 Bxb2 39.Rb1 Nd5 40.Qe4+ Kg8 41.Rxb2 Qa5 42.Bg4 Nc3 43.Qf3 Bxg4
44.Qxg4 Rd8 45.Qc4 Qxa3 46.Rb7 Nd5 47.Kh2 Qc3 48.Qe4 Nf6 49.exf6 Qxd3 50.Qxd3 Rxd3
51.fxg7 Kxg7 52.Rb6 a5 53.Ra6 Rd5 54.g4 h5 55.Kg3 hxg4 56.hxg4 Rd3+ 57.f3 Ra3
58.g5 a4 59.Kg4 Ra1 60.Kf5 Rb1 61.Ra5 Rb4 62.f4 Rc4 63.Ra7 Rc5+ 64.Kg4 Rc4
65.Ra5 Rb4 66.Kf5 Rc4 67.Rb5 Rc6 68.Ra5 Rc4  1/2-1/2

[Event "Chessable Masters KO"]
[Site "chess24.com INT"]
[Date "2021.08.03"]
[Round "1.13"]
[White "Nakamura,Hi"]
[Black "Artemiev,V"]
[Result "1/2-1/2"]
[WhiteElo "2736"]
[BlackElo "2704"]

1.e4 e5 2.Nf3 Nc6 3.Bb5 a6 4.Ba4 Nf6 5.O-O Be7 6.Re1 b5 7.Bb3 d6 8.c3 O-O
9.h3 Re8 10.Ng5 Rf8 11.Nf3 Re8 12.d4 Bb7 13.Nbd2 Bf8 14.a3 h6 15.Bc2 Nb8
16.b3 Nbd7 17.Bb2 Rb8 18.a4 c5 19.dxe5 Nxe5 20.Nxe5 dxe5 21.axb5 axb5 22.c4 Bc6
23.cxb5 Bxb5 24.Bc3 Qc7 25.Qf3 c4 26.b4 Rb6 27.Reb1 Bd7 28.Qe3 Be6 29.Nf3 Nd7
30.Nxe5 Reb8 31.Nxd7 Bxd7 32.e5 Be6 33.f4 g6 34.g4 Qc8 35.Qf3 Bxb4 36.Rxb4 Rxb4
37.Bxb4 Rxb4 38.Ra8 Rb8 39.Rxb8 Qxb8 40.f5 gxf5 41.gxf5 Qa7+ 42.Kh2 Bc8 43.f6 Kf8
44.Be4 Qa2+ 45.Kg3 Qa1 46.Qf4 Qe1+ 47.Kh2 Qe2+ 48.Kg3 Qe1+ 49.Kh2 Qe2+ 50.Kg3 Qe1+  1/2-1/2

[Event "Chessable Masters KO"]
[Site "chess24.com INT"]
[Date "2021.08.03"]
[Round "1.14"]
[White "Artemiev,V"]
[Black "Nakamura,Hi"]
[Result "1/2-1/2"]
[WhiteElo "2704"]
[BlackElo "2736"]

1.Nf3 d5 2.e3 Nf6 3.c4 e6 4.Nc3 dxc4 5.Bxc4 a6 6.O-O c5 7.d4 Nc6 8.Be2 cxd4
9.exd4 Be7 10.Be3 O-O 11.Ne5 Bd7 12.Bf3 Rc8 13.Qe2 Bd6 14.Nxd7 Qxd7 15.Rfd1 Ne7
16.g3 Ned5 17.Nxd5 Nxd5 18.Bxd5 exd5 19.Rac1 Rxc1 20.Rxc1 Rc8 21.Rxc8+ Qxc8
22.Qf3 Qe6 23.Bf4 Be7 24.Qe3 Qxe3 25.Bxe3 f5 26.f3 Kf7 27.Kf2 Ke6 28.Ke2 h5
29.h3 g6 30.Kd3 Bd6 31.g4 fxg4 32.fxg4 hxg4 33.hxg4 Kd7 34.b3 b5 35.Ke2 Ke6
36.Kf3 Bc7 37.Ke2 Bd6 38.Kf3 Bc7 39.Ke2 Bd6  1/2-1/2

[Event "Chessable Masters KO"]
[Site "chess24.com INT"]
[Date "2021.08.04"]
[Round "1.32"]
[White "Nakamura,Hi"]
[Black "Artemiev,V"]
[Result "1-0"]
[WhiteElo "2736"]
[BlackElo "2704"]

1.e4 c6 2.Nc3 d5 3.Nf3 dxe4 4.Nxe4 Nf6 5.Qe2 Bf5 6.Nxf6+ gxf6 7.d3 Nd7 8.g3 Ne5
9.Nxe5 Qa5+ 10.Bd2 Qxe5 11.Qxe5 fxe5 12.Bg2 h5 13.a4 Be6 14.O-O Bd5 15.Rfe1 Bxg2
16.Kxg2 f6 17.a5 Kf7 18.Ra3 Rd8 19.Be3 a6 20.Rb3 Rd7 21.Bc5 e6 22.Bxf8 Rxf8
23.Re4 Re8 24.Reb4 Ree7 25.Kf3 f5 26.Ke3 Kf6 27.f3 Rg7 28.Kf2 Rh7 29.Kg2 Rd5
30.Rxb7 Rxb7 31.Rxb7 Rxa5 32.Rb6 Rc5 33.c4 a5 34.b3 Ke7 35.Rb7+ Kd6 36.Ra7 f4
37.h4 fxg3 38.Kxg3 e4 39.fxe4 Ke5 40.Rd7 Kf6 41.d4  1-0

[Event "Chessable Masters KO"]
[Site "chess24.com INT"]
[Date "2021.08.04"]
[Round "1.23"]
[White "Artemiev,V"]
[Black "Nakamura,Hi"]
[Result "1/2-1/2"]
[WhiteElo "2704"]
[BlackElo "2736"]

1.Nf3 d5 2.g3 g6 3.c4 dxc4 4.Na3 Nc6 5.Nxc4 Bg7 6.d3 e5 7.Bd2 a5 8.h4 h6
9.Bc3 f6 10.e4 b5 11.Ne3 Nge7 12.h5 g5 13.b3 Nd4 14.Bg2 O-O 15.O-O c5 16.Rc1 Be6
17.Nd2 a4 18.Bxd4 cxd4 19.Nf5 axb3 20.Nxb3 Bf7 21.Nc5 Ra7 22.Qd2 Rxa2 23.Qb4 Nxf5
24.exf5 Qa5 25.Qxa5 Rxa5 26.Ne6 Rb8 27.Rc7 b4 28.Rfc1 Rab5 29.Bc6 Ra5 30.Be4 Rab5
31.Bc6 Ra5 32.Be4 Rab5 33.Bc6  1/2-1/2

[Event "Chessable Masters KO"]
[Site "chess24.com INT"]
[Date "2021.08.04"]
[Round "1.24"]
[White "Nakamura,Hi"]
[Black "Artemiev,V"]
[Result "1/2-1/2"]
[WhiteElo "2736"]
[BlackElo "2704"]

1.e4 c6 2.Nc3 d5 3.Nf3 dxe4 4.Nxe4 Nf6 5.Qe2 Bf5 6.d3 e6 7.g3 Nbd7 8.Bg2 Be7
9.O-O O-O 10.b3 a5 11.a3 Bg4 12.Bb2 Nxe4 13.Qxe4 Bxf3 14.Bxf3 Bf6 15.d4 Qb6
16.Rad1 g6 17.Rd3 a4 18.b4 Qb5 19.Be2 Qd5 20.Qe3 Nb6 21.Rd2 Nc4 22.Bxc4 Qxc4
23.Qd3 Qxd3 24.Rxd3 Rfd8 25.c4 Rd7 26.Rfd1 b5 27.cxb5 cxb5 28.Kf1 Rc8 29.Ke2 Kf8
30.Rc3 Rxc3 31.Bxc3 Ke7 32.Kd3 Kd6 33.Bd2 Kd5 34.Rc1 Bxd4 35.Be3 Bxe3 36.Kxe3 Kd6
37.Rc5 Rc7 38.Rxb5 Rc3+ 39.Ke4 Rxa3 40.Rb6+ Ke7 41.Rb7+ Kf6 42.Ra7 Ra2 43.Ke3 g5
44.b5 a3 45.b6 Rb2 46.Rxa3 Rxb6 47.h3 Rb4 48.Kf3 h5 49.Ra5 Kg6 50.Ra6 Rb1
51.Kg2 Re1 52.Ra8 Kg7 53.Ra5 Kg6 54.Ra8 Re4 55.Rg8+ Kf6 56.Rh8 h4 57.g4 Ke5
58.Rg8 Kf4 59.Rf8 f5 60.gxf5 exf5 61.Rf6 Re7 62.Rf8 Rg7 63.Rh8 Re7 64.Rf8 Rh7
65.Rf6 g4 66.Ra6 gxh3+ 67.Kxh3 Kf3 68.Ra2 Rh8 69.Rb2 f4 70.Ra2 Rg8 71.Kxh4 Kg2
72.Rb2 f3 73.Ra2 Kf1 74.Kh3 Kg1 75.Rb2 Kf1 76.Ra2 Rg2 77.Ra1+ Kxf2 78.Ra2+ Kf1
79.Ra1+ Kf2 80.Ra2+ Ke3 81.Rxg2 fxg2 82.Kxg2  1/2-1/2

[Event "Chessable Masters KO"]
[Site "chess24.com INT"]
[Date "2021.08.04"]
[Round "1.22"]
[White "Nakamura,Hi"]
[Black "Artemiev,V"]
[Result "1-0"]
[WhiteElo "2736"]
[BlackElo "2704"]

1.e4 e5 2.Nf3 Nc6 3.Bb5 a6 4.Ba4 Nf6 5.O-O b5 6.Bb3 Bb7 7.d3 Be7 8.c4 O-O
9.Nc3 bxc4 10.Bxc4 d6 11.a3 Nd4 12.Nxd4 exd4 13.Nd5 Nxd5 14.exd5 Re8 15.Qg4 Bf6
16.Bd2 Rb8 17.b4 Bc8 18.Qd1 Qd7 19.Qf3 Qa4 20.Rfb1 Re5 21.Bf4 Re7 22.h3 Qd7
23.Bd2 Re5 24.a4 Rf5 25.Qd1 h5 26.b5 axb5 27.Bxb5 Qd8 28.a5 Bb7 29.Bc4 Bxd5
30.Bxd5 Rxd5 31.a6 Ra8 32.a7 c6 33.Rb7 Rb5 34.Rb1 Qc8 35.R1xb5 cxb5 36.Qf3 Qe8
37.Qd5 h4 38.Rxf7 Qxf7 39.Qxa8+  1-0

[Event "Chessable Masters KO"]
[Site "chess24.com INT"]
[Date "2021.08.04"]
[Round "1.33"]
[White "Artemiev,V"]
[Black "Nakamura,Hi"]
[Result "1-0"]
[WhiteElo "2704"]
[BlackElo "2736"]

1.d4 Nf6 2.Bf4 d5 3.e3 Bf5 4.Nf3 e6 5.Bd3 Bg6 6.O-O c5 7.Bb5+ Nbd7 8.c4 dxc4
9.Nc3 Bd3 10.Ne5 a6 11.Bxd7+ Nxd7 12.Nxd3 cxd3 13.Qxd3 Nf6 14.Rad1 cxd4 15.exd4 Be7
16.d5 Nxd5 17.Nxd5 exd5 18.Qb3 O-O 19.Rxd5 Qc8 20.Rc1 Qg4 21.g3 b5 22.Rc7 Bf6
23.Rdd7 Qe6 24.Qxe6 fxe6 25.b3 Rfc8 26.Rxc8+ Rxc8 27.Rd6 e5 28.Be3 Ra8 29.Kg2 a5
30.Rb6 b4 31.Kf3 Be7 32.Rb7 Bd8 33.Ke4 a4 34.Ra7 Rxa7 35.Bxa7 axb3 36.axb3 Kf7
37.Kxe5 Bf6+ 38.Kd5 Bc3 39.Bc5 Be1 40.f3 h5 41.Kc4 h4 42.gxh4 Bxh4 43.Bxb4 Ke6
44.Bc3 g6 45.b4 Bd8 46.Be1 Bb6 47.Bg3 Bg1 48.Kb5  1-0

[Event "Chessable Masters KO"]
[Site "chess24.com INT"]
[Date "2021.08.04"]
[Round "1.21"]
[White "Artemiev,V"]
[Black "Nakamura,Hi"]
[Result "1-0"]
[WhiteElo "2704"]
[BlackElo "2736"]

1.Nf3 d5 2.e3 Nf6 3.c4 e6 4.Nc3 b6 5.b3 Bb7 6.Bb2 dxc4 7.bxc4 Be7 8.Be2 O-O
9.Qc2 c5 10.Rg1 Nc6 11.a3 Nd7 12.g4 Nce5 13.Nxe5 Nxe5 14.O-O-O a6 15.f4 Ng6
16.f5 Nh4 17.Ne4 Bxe4 18.Qxe4 Bf6 19.fxe6 Bxb2+ 20.Kxb2 Qf6+ 21.Kc2 Qxe6
22.Bd3 Qxe4 23.Bxe4 Rad8 24.Rb1 Rd6 25.Rb3 Ng6 26.Rgb1 Rb8 27.Rd3 Rxd3 28.Bxd3 Ne5
29.Be2 Kf8 30.d4 Nd7 31.Bf3 cxd4 32.exd4 Rc8 33.Kd3 h6 34.a4 a5 35.h4 g5
36.hxg5 hxg5 37.Rb5 Rd8 38.Kc3 Ke7 39.Rxg5 Rh8 40.Rh5 Rc8 41.Rh6 Rg8 42.Rh5 Nf6
43.Rb5 Rh8 44.Re5+ Kd8 45.Rf5 Ke7 46.g5 Ne8 47.Re5+ Kd8 48.Bg4 Nd6 49.c5 bxc5
50.dxc5 Rh4 51.Bf3 Rxa4 52.Bc6 Rc4+ 53.Kd3 Rc1 54.Rd5 Rd1+ 55.Kc2 Rxd5 56.Bxd5 Nf5
57.Bxf7 Kc7 58.Be8 Kd8 59.Ba4 Nd4+ 60.Kc3 Ne6 61.g6 Nxc5 62.g7 Ne4+ 63.Kd4 Nf6
64.Ke5 Ke7 65.Bb3 a4 66.Ba2  1-0

[Event "Chessable Masters KO"]
[Site "chess24.com INT"]
[Date "2021.08.04"]
[Round "1.31"]
[White "Artemiev,V"]
[Black "Nakamura,Hi"]
[Result "1-0"]
[WhiteElo "2704"]
[BlackElo "2736"]

1.Nf3 d5 2.g3 g6 3.Bg2 Bg7 4.O-O e5 5.d3 Ne7 6.e4 O-O 7.b4 dxe4 8.dxe4 Qxd1
9.Rxd1 Be6 10.Be3 f6 11.Nc3 Nbc6 12.a3 Kf7 13.Nd5 Rfc8 14.c4 Nb8 15.Bf1 c6
16.Nc3 Nd7 17.c5 b5 18.cxb6 axb6 19.Nd2 b5 20.a4 bxa4 21.Nxa4 Rcb8 22.Nc5 Rxa1
23.Rxa1 Rxb4 24.Ra7 Nf8 25.Nxe6 Nxe6 26.Bc4 Bf8 27.Ra8 Bg7 28.Ra7 Bf8 29.Rd7 c5
30.Rd6 Rxc4 31.Nxc4 Nd4 32.Rd7 Kg8 33.Rc7 Nec6 34.Kg2 Nb4 35.Nb6 f5 36.Nd7 Be7
37.Nxe5 Bd6 38.Rc8+ Kg7 39.Nc4 Be7 40.Rc7 Kf8 41.exf5 gxf5 42.Ne5 Bd6 43.Rc8+ Ke7
44.Nc4 Kd7 45.Rh8 Be7 46.Rxh7 Ke6 47.h4 Nd5 48.Rh6+ Kf7 49.Ne5+ Kg7 50.Rg6+ Kh7
51.Ra6 Nc2 52.Bg5 Bf8 53.h5 Nd4 54.Ra7+ Kg8 55.h6  1-0

[Event "Saint Louis Rapid 2021"]
[Site "Saint Louis USA"]
[Date "2021.08.11"]
[Round "1.5"]
[White "Mamedyarov,S"]
[Black "Nakamura,Hi"]
[Result "1/2-1/2"]
[WhiteElo "2782"]
[BlackElo "2736"]

1.d4 Nf6 2.c4 e6 3.Nc3 Bb4 4.Qc2 O-O 5.a3 Bxc3+ 6.Qxc3 d5 7.Bg5 dxc4 8.Qxc4 b6
9.Rd1 Ba6 10.Qa4 h6 11.Bh4 Qe7 12.Nf3 Rd8 13.g4 Bb7 14.Bg2 Nbd7 15.Rg1 c5
16.g5 hxg5 17.Nxg5 Bxg2 18.Rxg2 Nf8 19.Ne4 Ng6 20.Bg5 Qb7 21.Bxf6 Qxe4 22.f3 Qf4
23.Bxd8 Rxd8 24.Qxa7 Qh4+ 25.Kf1 Nf4 26.Qc7 Nxg2 27.Kxg2 Rd5 28.Kh1 Rxd4
29.Rxd4 Qxd4 30.Qxb6 Qd1+ 31.Kg2 Qxe2+ 32.Kg3 Qe5+ 33.Kg2 Qe2+ 34.Kg3 Qe5+
35.Kg2 Qe2+ 36.Kg3 Qe5+  1/2-1/2

[Event "Saint Louis Rapid 2021"]
[Site "Saint Louis USA"]
[Date "2021.08.11"]
[Round "3.5"]
[White "Nakamura,Hi"]
[Black "Svidler,P"]
[Result "1-0"]
[WhiteElo "2736"]
[BlackElo "2714"]

1.d4 Nf6 2.c4 g6 3.Nf3 Bg7 4.g3 c6 5.Bg2 d5 6.Qb3 a5 7.cxd5 a4 8.Qd1 cxd5
9.O-O O-O 10.Nc3 Qa5 11.Bd2 Nc6 12.e3 Qa6 13.Re1 Bf5 14.Bf1 Qa7 15.h3 h5
16.Nh4 Bd7 17.Nf3 Bf5 18.a3 Rfd8 19.Bg2 Qa6 20.Bf1 Qa7 21.Rc1 Ne4 22.Nh4 Nxd2
23.Qxd2 Bc8 24.f4 Qa5 25.Qg2 e6 26.Bd3 Ne7 27.g4 hxg4 28.hxg4 Bd7 29.Rf1 Qb6
30.Nf3 Rdc8 31.Rc2 Qd8 32.Qh3 f6 33.Nh4 Be8 34.Rh2 Bf7 35.Nf3 Qd6 36.g5 f5
37.Ne5 Rxc3 38.bxc3 Qxa3 39.Qh7+ Kf8 40.Nd7+ Ke8  1-0

[Event "Saint Louis Rapid 2021"]
[Site "Saint Louis USA"]
[Date "2021.08.12"]
[Round "4.4"]
[White "Le, Quang Liem"]
[Black "Nakamura,Hi"]
[Result "1/2-1/2"]
[WhiteElo "2709"]
[BlackElo "2736"]

1.d4 Nf6 2.c4 e6 3.Nc3 Bb4 4.Qc2 O-O 5.a3 Bxc3+ 6.Qxc3 d5 7.Bg5 dxc4 8.Qxc4 b6
9.Rd1 Ba6 10.Qa4 h6 11.Bh4 Qe7 12.Nf3 Rd8 13.e4 Bxf1 14.Rxf1 g5 15.Nxg5 hxg5
16.Bxg5 e5 17.Rd3 Rxd4 18.Bxf6 Rxa4 19.Bxe7 Rxe4+ 20.Kd2 Nc6 21.Bf6 Rf4 22.Bg5 Rg4
23.Rg3 Rd4+ 24.Ke2 Kh7 25.Rh3+ Kg7 26.Bh6+ Kg8 27.Rc1 Rd6 28.Be3 Rad8 29.Rh4 b5
30.g3 R8d7 31.Rc5 a6 32.a4 bxa4 33.Rxa4 Nd4+ 34.Bxd4 exd4 35.Kd3 Rf6 36.f4 Rb6
37.b4 Re6 38.Re5 Rc6 39.Ra3 Rc1 40.Rxa6 Rd1+ 41.Kc2 Rg1 42.Rg5+ Kh7 43.Rh5+ Kg7
44.Rg5+ Kf8 45.Ra8+ Ke7 46.Re5+ Kf6 47.Ra6+ Kg7 48.Rg5+ Kf8 49.Ra8+ Ke7 50.Re5+ Kf6
51.Ra6+  1/2-1/2

[Event "Saint Louis Rapid 2021"]
[Site "Saint Louis USA"]
[Date "2021.08.12"]
[Round "5.2"]
[White "Nakamura,Hi"]
[Black "Xiong,Jeffery"]
[Result "1/2-1/2"]
[WhiteElo "2736"]
[BlackElo "2710"]

1.d4 d5 2.c4 e6 3.cxd5 exd5 4.Nc3 c6 5.Bf4 Bf5 6.e3 Nd7 7.Nf3 Ngf6 8.h3 Be7
9.a3 a5 10.g4 Bg6 11.Bd3 Bxd3 12.Qxd3 O-O 13.O-O Re8 14.Nd2 Nf8 15.Bg3 Bd6
16.f4 b5 17.Rac1 Qb6 18.Bf2 Ne6 19.Bh4 Nd7 20.f5 Nc7 21.Bf2 c5 22.e4 Bf4
23.Rcd1 Qh6 24.Ncb1 cxd4 25.Bxd4 Ne5 26.Bxe5 Bxe5 27.Nc3 Rad8 28.Nxd5 Nxd5
29.exd5 Bxb2 30.Rf3 Re5 31.Nf1 Qb6+ 32.Kg2 Qd6 33.Qxb5 Bxa3 34.Qxa5 Bc5 35.Re1 Rxd5
36.Qa4 Re5 37.Rxe5 Qxe5 38.Qc2 Rb8 39.Rc3 Qd5+ 40.Kh2 Bd6+ 41.Kg1 h5 42.gxh5 Be5
43.Rc8+ Rxc8 44.Qxc8+ Kh7 45.Qc2 Kh6 46.Qd2+ Qxd2 47.Nxd2 Kg5 48.Nf3+ Kxf5
49.h6 gxh6 50.Kg2 Ke4 51.Nd2+ Kf4 52.Nf3 f5 53.Nh4 Bf6 54.Nxf5 Kxf5 55.h4 Bxh4
56.Kh1 h5 57.Kg2 Kg4 58.Kh2 Bg3+ 59.Kg2 h4 60.Kg1 h3 61.Kh1 Kf3 62.Kg1 h2+
63.Kh1 Bf4  1/2-1/2

[Event "Saint Louis Rapid 2021"]
[Site "Saint Louis USA"]
[Date "2021.08.12"]
[Round "6.4"]
[White "Shankland,S"]
[Black "Nakamura,Hi"]
[Result "1/2-1/2"]
[WhiteElo "2709"]
[BlackElo "2736"]

1.d4 Nf6 2.c4 e6 3.Nc3 Bb4 4.Qc2 O-O 5.Nf3 d5 6.Bg5 h6 7.Bxf6 Qxf6 8.a3 Bxc3+
9.Qxc3 dxc4 10.Qxc4 Nc6 11.Qc3 Re8 12.Rd1 e5 13.d5 Nb8 14.e3 Bg4 15.Be2 Nd7
16.O-O Bxf3 17.Bxf3 e4 18.Qxc7 exf3 19.Qxd7 fxg2 20.Rfe1 Qxb2 21.Rb1 Qxa3
22.Rxb7 Rf8 23.e4 a5 24.Re3 Qc1+ 25.Kxg2 a4 26.Ra7 Rab8 27.Qc6 Qxc6 28.dxc6 Ra8
29.Rxa8 Rxa8 30.Ra3 Rc8 31.Rxa4 Rxc6 32.Ra5 Rc3 33.Rb5 Ra3 34.Rd5 Rc3 35.Rb5 Ra3
36.Rd5 Rc3  1/2-1/2

[Event "Saint Louis Rapid 2021"]
[Site "Saint Louis USA"]
[Date "2021.08.13"]
[Round "7.3"]
[White "Nakamura,Hi"]
[Black "Dominguez Perez,L"]
[Result "1-0"]
[WhiteElo "2736"]
[BlackElo "2758"]

1.d4 d5 2.c4 dxc4 3.Nf3 Nf6 4.e3 e6 5.Bxc4 c5 6.O-O Nc6 7.Nc3 a6 8.Qe2 b5
9.Bb3 Bb7 10.d5 Nxd5 11.Rd1 Qb8 12.Bxd5 exd5 13.Nxd5 Bd6 14.Nb6 Ra7 15.Qd3 Be7
16.Qd7+ Kf8 17.Qf5 Kg8 18.b3 h5 19.Bb2 Rh6 20.Rac1 Qe8 21.Nd5 Bf8 22.Qg5 Qe6
23.Nf4 Qg4 24.h3 Qxg5 25.Nxg5 Ba8 26.Ba3 b4 27.Bb2 a5 28.Ne4 a4 29.Nxc5 axb3
30.axb3 h4 31.Nd7 Be7 32.Nb6 Bb7 33.Rd7 Rd6 34.Rxd6 Bxd6 35.Nc8 Bxc8 36.Rxc6 Bc7
37.Nd5  1-0

[Event "Saint Louis Rapid 2021"]
[Site "Saint Louis USA"]
[Date "2021.08.13"]
[Round "8.4"]
[White "So,W"]
[Black "Nakamura,Hi"]
[Result "1/2-1/2"]
[WhiteElo "2772"]
[BlackElo "2736"]

1.d4 Nf6 2.c4 e6 3.Nc3 Bb4 4.e3 O-O 5.Bd3 c5 6.Nf3 d5 7.cxd5 exd5 8.dxc5 Nbd7
9.Bd2 Nxc5 10.Be2 Ne6 11.Qb3 Be7 12.O-O Nc5 13.Qc2 Nce4 14.Nxe4 Nxe4 15.Rfd1 Qb6
16.Be1 Rd8 17.a4 Bg4 18.a5 Qf6 19.Qb3 Nc5 20.Qb4 Bh5 21.Bc3 Qd6 22.Rac1 Rac8
23.Bd4 b6 24.axb6 axb6 25.Qc3 Qb8 26.Be5 Qb7 27.b4 Nd7 28.Bc7 Bxb4 29.Qxb4 Rxc7
30.Qe7 Rdc8 31.Rxc7 Rxc7 32.Ba6 Qc6 33.Ne5 Qc2 34.Rf1 Nf8 35.Qg5 Be2 36.Bxe2 Qxe2
37.Qd8 Qc2 38.h4 Qc5 39.Rd1 Qe7 40.Qxe7 Rxe7 41.Rxd5 f6 42.Nc4 Re4 43.Nxb6 Rxh4
44.f4 Rh6 45.Rd8 Kf7 46.Ra8 Rh5 47.Ra7+ Kg8 48.e4 Rb5 49.Nd5 Rb8 50.Ne7+ Kh8
51.g3 Ne6 52.Kf2 h5 53.Nf5 Rb2+ 54.Kf3 Rb3+ 55.Kg2 Rb2+ 56.Kf3 Rb3+ 57.Kf2 Rb2+
58.Kf3  1/2-1/2